000 00216nam a2200097 4500
082 _aFAB
100 _aFabr, John
245 _aFoundation Design Simply Explained
260 _aLondon:
_bOxford University,
942 _cBK
999 _c13027
_d13027